LEADER 01008nam0-22002771i-450- 001 990001672450403321 005 20050525145448.0 035 $a000167245 035 $aFED01000167245 035 $a(Aleph)000167245FED01 035 $a000167245 100 $a20030910d1924----km-y0itay50------ba 101 0 $aita 200 1 $aRelazione della Sotto-Commissione incaricata dalla Commissione Censuaria Centrale di esaminare le tariffe d'estimo della provincia di Torino$fMinistero delle Finanze 210 $aRoma$cTip. Cooperativa Sociale$d1924 215 $a261 p.$d30 cm 610 0 $aImposte fondiarie 676 $a336.22 710 02$aItalia.$bMinistero delle finanze$0356818 801 0$aIT$bUNINA$gRICA$2UNIMARC 901 $aBK 912 $a990001672450403321 952 $a60 336.22 A 13$b18270$fFAGBC 959 $aFAGBC 996 $aRelazione della Sotto-Commissione incaricata dalla Commissione Censuaria Centrale di esaminare le tariffe d'estimo della provincia di Torino$9370858 997 $aUNINA LEADER 01787nam1 22003733i 450 001 TSA0041739 005 20251003044415.0 010 $a8881142074 100 $a20080128d1998 ||||0itac50 ba 101 | $aita 102 $ait 181 1$6z01$ai $bxxxe 182 1$6z01$an 200 1 $aCodice di procedura penale e legislazione sui minori$eannotati con la giurisprudenza appendice di ordinamento giudiziario$fa cura di Giovanni Conso e Giuseppe Riccio 210 $aNapoli [etc.]$cEdizioni scientifiche italiane$d[1998] 215 $a2 v. (XVI, 2135 p. compless.)$d21 cm. 225 | $aBiblioteca di diritto processuale$v5 410 0$1001CFI0171008$12001 $aBiblioteca di diritto processuale$v5 463 1$1001TSA0041740$12000 $a1$v1 463 1$1001TSA0041741$12000 $a2$v2 517 1 $aCodice di procedura penale.$9RMG0024917 606 $aCodice di procedura penale$xGiurisprudenza costituzionale$2FIR$3CFIC080652$9I 676 $a345.450502632$9PROCEDURA PENALE. ITALIA. Leggi singole e raccolte$v21 702 1$aConso$b, Giovanni$3CFIV001270 702 1$aRiccio$b, Giuseppe$f <1938- >$3CFIV082158 790 1$aConso$b, Giovanni Battista$3SBNV006505$zConso, Giovanni 801 3$aIT$bIT-000000$c20080128 850 $aIT-BN0095 $aIT-NA0079 901 $bNAP 01$cD $n$ 912 $aTSA0041739 950 1$aBiblioteca Centralizzata di Ateneo$d 01D (AR) 25 006$e 01AR 0700250065 VMA 1 v.$fY $h20241007$i20241007$c1 v. in due copie$d 01D (AR) 25 007$e 01AR 0700250075 VMA (bis 1 v. (2. copia)$fY $h20241007$i20241007 977 $a 01$a BN 996 $aCodice di procedura penale e legislazione sui minori$9740559 997 $aUNISANNIO